000 00961nam a2200265 a 4500
001 5561
003 BD-RjUL
005 20211208234104.0
008 131226s1982 bg b 001 0 eng
035 _a(BD-RjUL)
040 _aDLC
_cDLC
_dDLC
_beng
041 _aeng
082 _222
_a355.0325491
_bSAA 1982
100 1 _aSattar, Mohammad A.
_917428
245 1 0 _aAid or stagnation :
_ban economic analysis of U.S. aid to Pakistan /
_cMohammad A. Sattar.
260 _aDacca, Bangladesh :
_bUniversity Press,
_c1982.
300 _a133 p. ;
_c22 cm.
500 _aBased on the author's thesis (Ph. D.--Tufts University, 1969) under title: United States aid and Pakistan's economic development.
504 _aIncludes bibliographical references and index.
650 0 _aEconomic assistance, American
_zPakistan.
_917429
650 0 _aMilitary assistance, American
_zPakistan.
_917430
942 _2ddc
_cBK
999 _c5561
_d5561